[Event "RUS-chT 16th"]
[Site "Dagomys"]
[Date "2009.04.05"]
[Round "2"]
[White "Volkov, Sergey"]
[Black "Eljanov, Pavel"]
[Result "1/2-1/2"]
[WhiteElo "2594"]
[BlackElo "2693"]
[Annotator "Krasenkow,M"]
[PlyCount "174"]
[EventDate "2009.04.04"]
[EventType "team-tourn"]
[EventRounds "7"]
[EventCountry "RUS"]
[SourceTitle "EXT 2020"]
[Source "ChessBase"]
[SourceDate "2019.10.17"]
[SourceVersion "1"]
[SourceVersionDate "2019.10.17"]
[SourceQuality "1"]
[WhiteTeam "Saransk TPS"]
[BlackTeam "Saratov Ekonomist SGSEU"]
[WhiteTeamCountry "RUS"]
[BlackTeamCountry "RUS"]

1. d4 Nf6 2. c4 e6 3. Nc3 Bb4 4. f3 c5 5. d5 O-O 6. e4 Re8 7. Nge2 d6 8. a3 (8.
Bd2 {- see Golod-Turov in CBM 81.}) (8. Ng3 $5 Bxc3+ 9. bxc3 Qa5 10. Bd2 Bd7
11. Be2 Ba4 12. Qc1 Nbd7 13. O-O a6 14. Bf4 Qc7 15. Rb1 Nf8 16. h4 $14 {
1-0 Wells,P-King,D/London 1991/CBM 024 (42)}) 8... Ba5 9. Rb1 $146 {This is
hardly a serious improvement.} ({It is not clear what Black had prepared to
meet} 9. Ng3 $5 {In the following games he failed to equalize:} Bxc3+ (9...
exd5 10. cxd5 Nbd7 11. Be2 Ne5 12. O-O c4 13. Kh1 Bd7 $6 (13... h6 14. Bf4 Bd7
15. Bxe5 Rxe5 16. Bxc4 Rc8 17. Qd3 $14) 14. Bg5 h6 15. Bxf6 Qxf6 16. f4 Nd3 17.
Bxd3 cxd3 18. Qxd3 Rac8 19. Nb5 a6 20. Nd4 $16 {1-0 Hadet,E-Houtman,J/IECG
2004/Telechess 117 (46)}) (9... Nbd7 10. dxe6 Bxc3+ 11. bxc3 Rxe6 12. Be2 b6
13. O-O Bb7 14. Bg5 h6 15. Be3 Ne5 16. Nf5 Qd7 17. Ra2 Rd8 18. Rd2 Ng6 19. Bf2
Bc6 20. Bg3 $14 {0-1 Widjajas,I-Ottenweller,W/IECG 2005/Telechess CBM 119 (44)}
) 10. bxc3 Qa5 11. Bd2 Nbd7 (11... Bd7 12. Be2 Ba4 13. Qb1 Nbd7 14. Ra2 Rab8
15. O-O a6 16. Rb2 Qc7 17. Re1 Nf8 18. Bd3 (18. h4 $5 $16) 18... Ng6 19. f4 e5
20. f5 $14 {1/2-1/2 Timman,J-Kortschnoj,V/Rotterdam 1990/CBM 018/[Ftacnik] (34)
}) 12. Be2 Ne5 13. f4 Ng6 14. O-O Bd7 15. Bd3 Qa4 16. Qf3 exd5 17. cxd5 c4 18.
Bb1 Qa5 19. h3 Re7 20. Kh2 Rae8 21. Ra2 $14 {1-0 Volkov,S-Loginov,V/Elista
2001/CBM 083 (42)}) (9. Bd2 {is less energetic:} exd5 10. cxd5 Nbd7 11. Ng3 a6
12. Be2 b5 13. O-O c4 14. b3 cxb3 15. Qxb3 Nc5 16. Qb2 Rb8 17. Rab1 Nfd7 18.
Nd1 Bxd2 19. Qxd2 Qf6 20. Ne3 Ne5 21. Rfc1 Bd7 $132 {0-1 Novoa,R-Amann,K/
Chessfriend.com 2003/Telechess CBM 97 (32)}) 9... exd5 10. cxd5 c4 11. Ng3 b5
12. Be2 Nbd7 13. O-O Ne5 (13... a6 $5 14. b4 $140 cxb3) 14. b4 Bb6+ 15. Kh1 Bd7
16. a4 a6 17. Ra1 h6 18. Qd2 Rb8 19. Bb2 Nh7 $2 {[%mdl 16384] Black is passive
at the moment and must wait. However, he should not remove his knight from f6 
(from where it attacks the e4 pawn and threatens ...Nf6-g4 in the event of
f3-f4).} (19... Ng6 $142) 20. f4 $16 Nd3 (20... Ng4 21. Bxg4 Bxg4 22. axb5 axb5
23. Nxb5 $16) (20... Ng6 21. axb5 axb5 22. Nh5 $1 {[%cal Yf1f3,Yf3g3,Rf4f5,
Rf5f6]}) 21. Bxd3 cxd3 22. axb5 (22. Qxd3 {is not so clear due to} bxa4 23.
Nxa4 Bb5 24. Qc3 Nf6 25. Rfc1 Bf2 26. Nf5 Rxe4 27. Qf3 Rxb4) 22... Nf6 $5 {
Black tries to complicate matters.} (22... axb5 23. Qxd3 Nf6 24. Nce2 Ng4 25.
Bd4 {is hopeless enough - Black has no compensation for the pawn whatsoever.})
23. Qxd3 (23. bxa6 $5 Ng4 24. h3 Ne3 (24... Qh4 25. Rf3) 25. Rf3 Nc4 26. Qxd3
Nxb2 27. Qe2 Bg4 $1 28. Qxb2 Bxf3 29. gxf3 Qh4 30. Qg2 $16) 23... Ng4 24. h3
Qh4 25. Nd1 $1 axb5 (25... Bxb5 $2 26. Qc3 {[%cal Rg3f5,Rc3g7]}) 26. Ra6 (26.
Bc3 $1 {[%cal Yc3e1] was the best way to parry Black's attack and keep a
healthy extra pawn.}) 26... Nf6 27. Nf2 (27. Bxf6 $5 Qxf6 28. Nc3 $16) 27...
Bxf2 {Liquidating to an endgame with opposite-coloured bishops, which Black
eventually holds.} 28. Rxf2 Nxe4 29. Nxe4 Rxe4 30. Qxe4 Qxf2 31. Qd4 Qxd4 32.
Bxd4 {[%mdl 4096]} Rc8 33. Rxd6 Rc1+ 34. Kh2 Bf5 35. g4 Be4 36. Rd8+ Kh7 37. d6
{Black's defence is still quite difficult. He's got "two weaknesses": the
b5-pawn and White's passed d-pawn, and his bishop can't control them both.} Rd1
38. Bc5 Rd2+ 39. Kg1 h5 $6 (39... f5 $142 $1 40. Be3 $1 (40. Rb8 $143 fxg4 41.
hxg4 Bf3 42. g5 hxg5 43. fxg5 Kg6) 40... Rd3 41. Kf2 $16) 40. Re8 $6 (40. gxh5
{, and Black can't recapture a pawn on h5 or h3 without losing his own on b5.})
40... Bc6 41. Rc8 Bf3 42. gxh5 Bxh5 {That's the difference!} 43. Rb8 $6 (43.
Rc7 $1 Bg6 44. Rb7 {was still quite strong.}) 43... Be2 44. Kf2 $6 {White
consequently underestimates the importance of putting the rook to the 7th rank.
} (44. Rb7 $142 $1 {[%cal Rb7f7,Rd6d7]} Bc4 45. f5 {[%cal Rd6d7]} Bd5 46. Re7
f6 47. Be3 Rd3 48. Kf2 Bc6 49. Bc5 {keeping his f-pawn and gradually making
progress.}) 44... Bc4+ 45. Ke3 Rd5 46. f5 (46. Rb7 {was now too late due to} f5
$1 47. d7 $140 Rd3+ 48. Kf2 Be6) 46... Bd3 {The f5 pawn is now lost.} 47. h4 f6
48. Rb6 Kh6 49. Rb7 Bxf5 50. Rxb5 g5 {This passed pawn gives Black sufficient
counterplay.} 51. hxg5+ fxg5 52. Rb7 Kg6 53. Rc7 Rd3+ 54. Ke2 Rd5 55. Kf2 Bd3
56. Ke3 Bf1 57. Ra7 Bh3 58. Ra8 Bf5 59. Rg8+ Kf6 60. Rh8 Rd3+ 61. Ke2 Rd5 62.
Rh6+ Ke5 63. Rh8 Kf4 64. Rf8 Ke4 65. Ra8 Kf4 66. Ra1 Bg4+ 67. Ke1 Bf3 68. Rc1
g4 $44 69. b5 g3 70. Rc4+ Kf5 71. Rc1 g2 72. Kf2 Be4 73. b6 Rd3 74. Re1 Rf3+
75. Ke2 Ke6 76. Kd2 Rd3+ 77. Ke2 Kd7 78. Ra1 Kc6 79. Rc1 Kb7 80. Ra1 Kc6 81.
Rc1 Kb7 82. Kf2 Rf3+ 83. Kg1 Rf1+ 84. Rxf1 gxf1=Q+ 85. Kxf1 Bc6 86. Kf2 Kc8 87.
Ke3 Kd7 1/2-1/2

[Event "POL-ch 65th"]
[Site "Lublin"]
[Date "2008.02.25"]
[Round "1"]
[White "Gajewski, Grzegorz"]
[Black "Macieja, Bartlomiej"]
[Result "1-0"]
[WhiteElo "2594"]
[BlackElo "2617"]
[Annotator "Krasenkow,M"]
[PlyCount "83"]
[EventDate "2008.02.02"]
[EventType "tourn"]
[EventRounds "13"]
[EventCountry "POL"]
[EventCategory "13"]
[SourceTitle "CBM 123"]
[Source "ChessBase"]
[SourceDate "2008.04.02"]
[SourceVersion "1"]
[SourceVersionDate "2008.04.02"]
[SourceQuality "1"]

1. d4 Nf6 2. c4 e6 3. Nc3 Bb4 4. Nf3 c5 5. g3 cxd4 6. Nxd4 Ne4 7. Qd3 Bxc3+ 8.
bxc3 Nc5 9. Qf3 d6 10. Bg2 e5 11. Qe3 Nba6 {An unsuccessful attempt at an
improvement.} (11... O-O {- see Topalov - Aronian in this issue.}) 12. f4 $1 {
[%mdl 32]} Qe7 (12... O-O 13. fxe5 Re8 (13... dxe5 14. Nb3) 14. O-O Rxe5 15.
Qf3 {[%cal Rf3f7,Rc1f4]} Re7 16. Bg5 f6 17. Bxf6 gxf6 18. Qxf6 Be6 19. Rf5 $1
$40) 13. Nc6 $5 (13. fxe5 Qxe5 (13... dxe5 14. Ba3 $1) 14. Nb5 O-O 15. Qd4 {
was quite strong but the text move is more spectacular!}) 13... Qd7 {It was
probably better to give up a pawn but complete development:} (13... Qc7 14.
fxe5 dxe5 15. Qxe5+ Qxe5 16. Nxe5 f6 17. Nd3 Be6) 14. Nb4 O-O 15. Nxa6 Nxa6 16.
fxe5 Re8 17. O-O (17. Qd4 $5 Rxe5 $140 18. Bf4) 17... Rxe5 18. Qd4 {The same
story as in Topalov-Aronian: Black's superior pawn structure is less important
than White's powerful bishop pair and development advantage.} Nc5 19. Bd5 Ne6 (
19... Re7 {runs into} 20. Bg5 $1 Ne6 $8 21. Bxe7 $1 Nxd4 22. Rxf7 Nxe2+ 23. Kf2
g6 $8 24. Rf4+ $1 Kg7 25. Bf6+ Kf8 26. Kxe2 Qa4 $1 27. Kf2 Qc2+ 28. Kg1 {
with a decisive attack.}) 20. Qf2 Qe7 21. Rb1 Nd8 {Black has no other way to
develop his pieces!} 22. Bf4 $1 Rxe2 23. Bxd6 $1 Qe8 (23... Rxf2 24. Bxe7 Rxf1+
25. Kxf1 Nc6 (25... Be6 26. Bxd8 Rxd8 27. Rxb7) 26. Bd6 {with total domination.
}) (23... Qe3 24. Qxe3 Rxe3 25. Rfe1 Rxe1+ 26. Rxe1 {-game.}) 24. Qxe2 $5 Qxe2
25. Rfe1 Qxe1+ 26. Rxe1 {[%mdl 4096] In spite of simplifications, White's
pressure remains strong as he has exchanged Black's developed pieces!} Be6 27.
c5 Rc8 (27... Nc6 28. Bxe6 fxe6 29. Rxe6 $16) 28. c4 h5 29. Kf2 Kh7 30. Rb1 $1
f6 31. Re1 $2 (31. Bxb7 {was quite good but Black's last move has created a
new possibility for White. He takes it - and wrongly! His rook was placed much
more strongly on the b-file.}) (31. Ke3 $5 {was also satisfactory}) ({or even} 
31. a4 $5) 31... Bxd5 32. cxd5 Nf7 33. Be7 (33. Re7 Nxd6 34. cxd6 Rc5 35. Rxb7
Rxd5 36. d7 a5 37. Ke3 Kg6 38. Ke4 Rd1 {and White can't break through.}) 33...
Rc7 $2 {A mistake in reply. The black rook was perfectly placed on c6;
meanwhile, he should have activated his king:} (33... Kg6 $1 {with good
drawing chances.} 34. Kf3 $140 Kf5) 34. Kf3 Kg6 35. Kf4 {That's the point!} Rd7
$6 {This move is probably losing but it is not easy to suggest something
instead:} ({Waiting with} 35... a6 {is met by} 36. Bd6 $1 Rd7 (36... Nxd6 37.
cxd6 Rd7 (37... Rc4+ 38. Ke3 Kf7 39. d7 Ke7 40. Kd3+) 38. Re6 {[%cal Yf4e4,
Ye4d4,Yd4c5]}) 37. Re6 Rd8 38. Ke3 $16) (35... Ne5 36. Bd6 Rc8 37. Re3 ({
the pawn endgame after} 37. Bxe5 fxe5+ 38. Rxe5 Rxc5 39. d6 Rxe5 40. Kxe5 Kf7 {
is drawish}) 37... Nf7 (37... Nc4 38. Re6 {[%cal Yf4e4,Ye4d4]}) 38. Re6 {
is not too attractive either}) (35... Rc8 {[%cal Yf7e5] (trying to "correct"
his mistake but White keeps winning chances anyway)} 36. Re6 $1 (36. Bd6 $6 b6)
(36. h4 Ne5 37. Rxe5 $2 fxe5+ 38. Kxe5 Kf7) 36... Ng5 37. Re3 $1 Nf7 38. h4 Ne5
$140 39. Rb3 $1) 36. d6 $22 {[%csl Rd7]} Ne5 $6 {Black collapses at once but
he had no hope of saving the game in any case:} (36... Nh6 37. Ke4 Nf5 38. Kd5
Kf7 39. c6 $1 $18) (36... a6 37. Ke4 (37. a3 a5 38. a4 {is more complicated:}
Nh6 39. Ke4 Nf5 40. Kd5 Kf7 41. Bf8 $3 (41. c6 $143 bxc6+ 42. Kxc6 Ra7 43. Kb6
Rd7 44. Kxa5 Nxd6 45. Bxd6 Rxd6 46. Re2 $16) 41... Rd8 (41... Kxf8 42. Ke6 $18)
42. Bxg7 $3 Kxg7 43. Rb1 $1 {and White must win, e.g.} Rb8 44. d7) 37... Ne5
38. Kd5 {[%cal Rd5e6]} Kf7 39. Rxe5 fxe5 40. Kxe5 Rxe7+ (40... a5 41. Bh4 a4
42. a3 Ke8 43. Ke6 $18) 41. dxe7 Kxe7 42. Kf5 Kf7 43. h3 {and White wins due
to his a2-pawn being on its initial square, e.g.} g6+ 44. Ke5 $1 (44. Kg5 Kg7
45. a3 a5 46. a4 Kf7 47. Kh6 Ke6 $1 48. Kxg6 Kd5 49. Kxh5 Kxc5 50. g4 b5 $11)
44... Ke7 45. g4 a5 (45... hxg4 46. hxg4 a5 47. g5 $18) 46. a3 a4 47. g5 h4 48.
Kd4 $1 Ke8 (48... Ke6 49. Ke4 {with a decisive triangulation}) (48... Kd7 49.
Kd5 $18) 49. Kc4 $18 {[%csl Ra4]}) 37. Rxe5 fxe5+ 38. Kxe5 Kf7 39. Bg5 g6 40.
Kd5 a6 41. h4 a5 42. a4 $22 (42. a4 Ke8 43. Ke6 Rh7 44. Be7 $18) 1-0

[Event "Capablanca Memorial Elite 45th"]
[Site "Havana"]
[Date "2010.06.11"]
[Round "2"]
[White "Ivanchuk, Vassily"]
[Black "Alekseev, Evgeny V"]
[Result "1-0"]
[WhiteElo "2741"]
[BlackElo "2700"]
[Annotator "Krasenkow,M"]
[PlyCount "105"]
[EventDate "2010.06.10"]
[EventType "tourn"]
[EventRounds "10"]
[EventCountry "CUB"]
[EventCategory "18"]
[SourceTitle "CBM 137"]
[Source "ChessBase"]
[SourceDate "2010.07.15"]
[SourceVersion "1"]
[SourceVersionDate "2010.07.15"]
[SourceQuality "1"]

1. d4 Nf6 2. c4 e6 3. Nc3 Bb4 4. f3 d5 5. a3 Bxc3+ 6. bxc3 c6 7. e3 {
Alternatives:} (7. Qc2) (7. Bg5) ({and even} 7. e4) 7... O-O (7... b6 {is less
common.}) 8. Nh3 (8. Bd3 {is the main theoretical move. Black usually replies
either} b6 {[%cal Yc8a6]} ({or} 8... Nbd7 {[%cal Ye6e5]}) ({or even} 8... Re8 {
[%cal Ye6e5] Here is an example:} 9. Ne2 e5 10. cxd5 (10. O-O e4 $1) 10... cxd5
11. dxe5 Rxe5 12. c4 Nc6 13. O-O dxc4 14. Bxc4 Be6 15. Bd3 Qe7 16. Nf4 Rd8 $132
{0-1 Chibukhchian,A (2293)-Izoria,Z (2489)/Batumi 2001/EXT 2002 (33)})) 8...
Re8 {Black has the same alternative now:} (8... b6 9. cxd5 cxd5 10. a4 $5 (10.
Bd3 Ba6 11. O-O Qc8 12. Bxa6 Qxa6 13. Qe1 Nbd7 14. e4 e5 $132 {0-1 Grujic,N 
(2245)-Abramovic,B (2500)/Nis 1994/EXT 1997 (33)}) (10. Nf2 Qc7 11. Bd2 Ba6 12.
Bxa6 Nxa6 13. Qe2 Nb8 14. O-O Rc8 15. e4 Nc6 16. e5 Ne8 17. f4 Na5 18. Rad1 Nc4
19. Bc1 f5 $1 20. exf6 Nxf6 21. Qxe6+ Qf7 22. Qh3 Nd6 $44 {0-1 Hochstrasser,M 
(2311)-Renet,O (2546)/Switzerland 2002/EXT 2003 (61)}) 10... Ba6 ({or} 10...
Qc7 11. Bd2 Ba6 12. Bxa6 Nxa6 13. Qe2 Nb8 14. O-O Nbd7 15. e4 e5 $1 16. Nf2
Rfe8 17. Rfe1 Rac8 18. a5 bxa5 19. Qb5 dxe4 20. fxe4 exd4 21. cxd4 Qc4 22. Qxc4
{1/2 Bareev,E (2590)-Rozentalis,E (2565)/Leningrad 1990/URS-ch}) 11. Bxa6 Nxa6
12. Qd3 Qc8 13. O-O Nc7 14. e4 Qa6 15. Qc2 Rfc8 16. e5 Nd7 17. Ng5 Nf8 18. Ba3
h6 19. Bxf8 Kxf8 $13 {0-1 Nordahl,H (2303)-Rozentalis,E (2585)/Gausdal 2003/
CBM 092 ext (41)}) 9. Nf2 e5 10. Be2 {That's the point of White's plan.
Comparied to the 9.Bd3 line (see above), ...e5-e4 is not dangerous.} Nbd7 (
10... Qc7 $142 $1 {to prevent a future c3-c4, e.g.} 11. O-O Be6 12. cxd5 cxd5
13. dxe5 Qxe5 14. Rb1 Qc7 $11 {1-0 Cebalo,M (2509)-Ogloblin,N (2362)/Budva
2009/CBM 130 (28)}) 11. O-O Nf8 $6 {White now opens up the position in favour
of his bishops.} (11... Qc7 $1) 12. cxd5 cxd5 13. dxe5 Rxe5 14. c4 $1 {[%mdl
32]} Re8 15. Re1 Ng6 16. Rb1 b6 17. cxd5 Nxd5 18. Bf1 {A curious provocation.}
(18. Rb3 $14 {was normal.}) 18... Nc3 {This "blow" is not dangerous: White
keeps an edge in the endgame.} 19. Qxd8 Rxd8 20. Rb3 Na4 21. e4 Be6 22. Rb4 Nc5
23. f4 $1 Ne7 24. Be3 Rac8 25. f5 Bd7 26. Rd4 Nb3 27. Rdd1 Ba4 28. Ba6 (28.
Rxd8+ $142 Rxd8 29. Rd1) 28... Rxd1 29. Nxd1 (29. Rxd1 $142 Re8 30. g4 Nc5 31.
Rd4 Nd5 $5 32. Rxd5 Nxa6 33. g5 $14) 29... Rc2 30. Bd3 Rc7 $6 (30... Ra2 $142
31. Nc3 Rxa3 32. Nb5 (32. Nxa4 Rxa4 33. Bc2 Ra3 34. Rd1 f6 $13) 32... Bxb5 33.
Bxb5 $44) 31. Nb2 Bc6 32. Kf2 Rd7 33. g4 Kf8 34. h4 b5 $6 {Hardly a good move,
weakening the dark squares.} (34... f6 $14) (34... Bb7 $14 {[%cal Ye7c6]}) 35.
Rd1 Ke8 $2 {[%mdl 8192] Loses a pawn and subsequently the game.} (35... a5 {
is a logical continuation of the 34...b5 plan although White keeps a clear
advantage after} 36. Kg3) 36. Bc2 Rxd1 37. Nxd1 Na1 38. Bd3 {[%csl Ra7,Rg7]
[%cal Re3a7,Re3d4]} a5 (38... Nc8 39. Bd4 Nb3 40. Bxg7 Nc5 41. Ke3 Nxd3 42.
Kxd3 Nd6 43. Nf2 Nc4 44. a4 $1) 39. Bd4 Nb3 40. Bxg7 Nc5 41. Ke3 Nxd3 42. Kxd3
$18 {_|_ Despite the opposite-coloured bishops, White is winning as there are
knights on the board.} Nc8 43. Bc3 Nd6 44. Nf2 Nc4 45. g5 Bb7 46. h5 Ba6 47. g6
fxg6 48. fxg6 hxg6 49. h6 b4 50. h7 Ne5+ 51. Ke3 Nf7 52. Bg7 bxa3 53. Ng4 1-0